Central Library OPAC University of Rajshahi

চৈতন্যভাগবত / (Record no. 57271)

MARC details
000 -LEADER
fixed length control field 00864nam a2200241 a 4500
001 - CONTROL NUMBER
control field 57271
003 - CONTROL NUMBER IDENTIFIER
rucl marc code BD-RjUL
005 - DATE AND TIME OF LATEST TRANSACTION
control field 20211209080505.0
008 - FIXED-LENGTH DATA ELEMENTS--GENERAL INFORMATION
fixed length control field 161207s1991 ii ||||| |||| 00| 0 ben d
020 ## - INTERNATIONAL STANDARD BOOK NUMBER
International Standard Book Number 8172010702
Terms of availability : IRs 100.00
035 ## - SYSTEM CONTROL NUMBER
System control number (BD-RjUL)57395
040 ## - CATALOGING SOURCE
Original cataloging agency BD-RjUL
Language of cataloging ben
Transcribing agency BD-RjUL
041 ## - LANGUAGE CODE
Language code of text/sound track or separate title ben
082 ## - DEWEY DECIMAL CLASSIFICATION NUMBER
Edition number 23
Classification number 294.5
Author mark and year BRC 1991
100 ## - MAIN ENTRY--PERSONAL NAME
Personal name বৃন্দাবনদাস
9 (RLIN) 170064
245 10 - TITLE STATEMENT
Title চৈতন্যভাগবত /
Statement of responsibility, etc. বৃন্দাবনদাস
260 ## - PUBLICATION, DISTRIBUTION, ETC. (IMPRINT)
Place of publication, distribution, etc. কলিকাতা :
Name of publisher, distributor, etc. সাহিত্য অকাদেমি,
Date of publication, distribution, etc. ১৯৯১
300 ## - PHYSICAL DESCRIPTION
Pagination ৩৬৪ পৃ. ;
Size ২৬ সেমি.
650 ## - SUBJECT ADDED ENTRY--TOPICAL TERM
Topical term or geographic name as entry element হিন্দুত্ত্ববাদ
9 (RLIN) 170065
Topical term or geographic name as entry element Hinduism
9 (RLIN) 170066
700 ## - ADDED ENTRY--PERSONAL NAME
Personal name সেন, সুকুমার, সম্পাদক
942 ## - ADDED ENTRY ELEMENTS (KOHA)
Source of classification or shelving scheme Dewey Decimal Classification
Koha item type Books
Holdings
Lost status Source of classification or shelving scheme Damaged status Not for loan Collection code Permanent Location Current Location Shelving location Date acquired Total Checkouts Full call number Date last seen Copy number Koha item type
  Dewey Decimal Classification   Not For Loan Non-fiction Central Library, University of Rajshahi Central Library, University of Rajshahi Reading Room 24/07/2005   B 294.5 BRC 1991 07/12/2016 C-1 Books